000 00312cam a22001217a 4500
008 180718b1990 xxu||||| |||| 00| 0 eng d
082 _aN4x54 Sh23s
100 _aShah, Giriraj
245 _aState policing in India
_cby Giriraj Shah
260 _aDelhi
_bCosmo
_c1990
300 _a275p.
650 _aPolice - India
999 _c354107
_d354107